000 00480nam a22001937a 4500
003 MPLRDC
005 20220104124737.0
008 210129b ||||| |||| 00| 0 eng d
020 _a957-607-139-9
082 _a782.886 ZEL-18 v.2
100 _a艾倍
245 _a叫父亲太沈重. 下
_c
250 _a初版
260 _a台湾
_b圆神出版社
_c1994
300 _b376
490 _a圆神丛书. 140
650 _a周恩来传记
942 _cBK
_o782.886 ZEL-18 v.2
999 _c21797
_d21787